| 000 | 00575nam a22001457a 4500 | ||
|---|---|---|---|
| 008 | 230502b |||||||| |||| 00| 0 eng d | ||
| 040 |
_aNational Science Library _cNational Science Library |
||
| 080 |
_a532.51(082.2) _bK9 |
||
| 245 |
_aProceedings of the symposium on recent developments in ellipsometry _c/ Electrical Materials Laboratory, University of Nebraska Lincoln, Nebraska, U. S. A., August 7-9, 1968 |
||
| 260 |
_aAmsterdam: _bNorth-Holland Publishing Company, _c1969 |
||
| 300 | _a452p. | ||
| 650 | _aScience | ||
| 700 | _aBashara, N M (Ed.) | ||
| 942 |
_2udc _cPR |
||
| 999 |
_c25966 _d25966 |
||